Statistics for New York Mets complete 2013 lineup

Click here to take the quiz!

General Stats

  • This quiz has been taken 66 times
  • The average score is 12 of 26

Answer Stats

Hint Answer % Correct
3Bdavid wright
95%
LFlucas duda
82%
starting pitcher 2matt harvey
82%
2Bdaniel murphy
79%
1Bike davis
76%
SSruben tejada
73%
managerterry collins
68%
starting pitcher 1jon niese
65%
Cjohn buck
58%
closerbobby parnell
55%
RFmarlon byrd
48%
starting pitcher 4dillon gee
48%
bench 4juan lagares
47%
CFcollin cowgill
39%
bench 5anthony recker
37%
relief pitcher 4jeurys familia
34%
relief pitcher 3scott rice
29%
bench 1jordany valdespin
29%
bench 3justin turner
27%
bench 2mike baxter
26%
starting pitcher 5jeremy hefner
26%
relief pitcher 1latroy hawkins
24%
starting pitcher 3shaun marcum
24%
relief pitcher 2scott atchinson
15%
relief pitcher 5brandon lyon
11%
relief pitcher 6robert carson
5%

Score Distribution

Percentile by Number Answered

Percent of People with Each Score

Your Score History

You have not taken this quiz